Statistics for Swiss soccer players scoring during the UEFA Euro

Click here to take the quiz!

General Stats

  • This quiz has been taken 60 times
    (53 since last reset)
  • The average score is 4 of 9

Answer Stats

GoalsYear(s)Player% Correct
42016, 2021Xherdan Shaqiri
98%
32021Haris Seferović
80%
12021Breel Embolo
62%
12021Mario Gavranović
48%
32008Hakan Yakın
40%
12016Fabian Schär
38%
12016Admir Mehmedi
36%
12004Johan Vonlanthen
20%
11996Kubilay Türkyılmaz
8%

Score Distribution

Percentile by Number Answered

Percent of People with Each Score

Your Score History

You have not taken this quiz since the last reset